[Event "CZE-chTV 0102"]
[Site "Czech Republic"]
[Date "2002.??.??"]
[Round "8"]
[White "Kloucek, Jiri"]
[Black "Kosek, Jiri"]
[Result "1/2-1/2"]
[WhiteElo "1930"]
[BlackElo "2064"]
[PlyCount "59"]
[EventDate "2001.??.??"]
[EventType "team"]
[EventRounds "11"]
[EventCountry "CZE"]
[SourceTitle "EXT 2003"]
[Source "ChessBase"]
[SourceDate "2002.11.25"]
[SourceVersion "1"]
[SourceVersionDate "2002.11.25"]
[SourceQuality "1"]
[WhiteTeam "Infinity C"]
[BlackTeam "Chrudim"]
[WhiteTeamCountry "CZE"]
[BlackTeamCountry "CZE"]

1. d4 d5 2. c4 e6 3. Nc3 Nf6 4. Bg5 Be7 5. e3 b6 6. cxd5 Nxd5 7. Bxe7 Nxe7 8. Be2 Bb7 9. Bf3 c6 10. Nge2 0-0 11. 0-0 Na6 12. a3 Nc7 13. Rc1 Ncd5 14. Nxd5 exd5 15. Nf4 Qd6 16. Nd3 f5 17. g3 Ba6 18. Re1 Bxd3 19. Qxd3 Rf7 20. Red1 g5 21. Bg2 Raf8 22. f4 g4 23. Kf2 h5 24. h4 gxh3 25. Bf3 Qh6 26. Rh1 h4 27. Rxh3 hxg3+ 28. Rxg3+ Rg7 29. Rh1 Qf6 30. Rxg7+ 1/2-1/2